| 000 | 00896nam a2200289 c 4500 | ||
|---|---|---|---|
| 003 | BLK | ||
| 005 | 20250204095105.0 | ||
| 008 | 180408b bul|||||r ||||||| ||bul|| | ||
| 010 | _aKNG00093767000 | ||
| 020 |
_a978-954-775-967-1 _bиздат.: Фабер |
||
| 040 | _aBLK | ||
| 041 |
_aBUL _cBUL |
||
| 080 |
_aБългарска литература _b821.163.2 _x-31 _z821.163.2-31 |
||
| 100 | 1 |
_aЛипчев, Атанас _eпърви автор _9286209 |
|
| 139 |
_aЛипчев, Атанас _bЛ 66 |
||
| 245 | 1 | 0 |
_aКрадци _bРоман _cАтанас Липчев. |
| 257 | _aBGR | ||
| 260 |
_аВ. Търново _bФабер _c2008 |
||
| 300 |
_a488 с. _c20 см |
||
| 380 | _aX | ||
| 852 | _aЦб 246723 | ||
| 856 | 4 |
_qpdf _u |
|
| 856 | 4 |
_qpdf _u |
|
| 942 |
_cKNG _n0 _05 |
||
| 944 |
_aCR _c22.01.2010 _k30576 _lЦветомила Тодорова |
||
| 944 |
_aED _c09.12.2010 _k |
||
| 999 |
_c89074 _d89074 |
||